Elogio de la Locura

Saved in:
Bibliographic Details
Main Author: Erasmo de Rotterdam (Author)
Format: Book
Language:Spanish
Published: Barcelona Ediciones 29 1999
Edition:3a. ed
Series:Colección Grandes Autores
Subjects:
Tags: Add Tag
No Tags, Be the first to tag this record!

MARC

LEADER 00000nam a2200000 a 4500
001 UCK8826
003 CL-VaPUC
008 060331e19990000SP |||||||||||||||||spa|d
020 |a 8471753111 
082 0 4 |a 144  |b ERA  |2 21 
100 0 |a Erasmo de Rotterdam  |e author  |9 368153 
245 1 0 |a Elogio de la Locura 
250 |a 3a. ed 
300 |a 115 p 
942 |c BK 
945 |d 20060331 00:00:00  |a jtorresc 
260 |a Barcelona  |b Ediciones 29  |c 1999 
650 0 |a Humanismo  |9 256530 
583 |a last modification  |c 20060331 00:00:00  |k Rodrigo Vera 
490 0 |a Colección Grandes Autores 
999 |c 316229  |d 316227 
952 |0 0  |1 0  |4 0  |6 144_000000000000000_ERA_1999  |7 0  |8 A  |9 390438  |a BIBART  |b BIBART  |d 2019-11-22  |i 4219155  |l 1  |o 144 ERA 1999  |p 4219155  |r 2025-03-13  |s 2022-03-07  |w 2019-11-22  |y BK  |k ART